Использование программного обеспечения Petroleum Experts Prosper для получения дополнительной добычи нефти путем анализа режима; Проблемы геологии и освоения недр; Т. 2

Bibliographische Detailangaben
Parent link:Боев, А. С. (химик ; 1981-). Проблемы геологии и освоения недр=Problems of Geology and Subsurface Development: труды XXVII Международного молодежного научного симпозиума имени академика М.А. Усова, посвященного 160-летию со дня рождения академика В.А. Обручева и 140-летию академика М.А. Усова, основателям Сибирской горно-геологической школы, 3-7 апреля 2023 г., г. Томск/ Национальный исследовательский Томский политехнический университет, Инженерная школа природных ресурсов ; гл. ред. А. С. Боев ; под ред. Е. Ю. Пасечник.— .— Томск: Изд-во ТПУ, 2023
Т. 2.— 2023.— С. 48-50
1. Verfasser: Коротков Р. Н.
Körperschaft: Национальный исследовательский Томский политехнический университет Инженерная школа природных ресурсов Отделение нефтегазового дела (570)
Weitere Verfasser: Овчаренко Д. М. (научный руководитель), Ерофеев В. И. Владимир Иванович
Zusammenfassung:Заглавие с экрана
Текстовый файл
Sprache:Russisch
Veröffentlicht: 2023
Schriftenreihe:Технологии оценки, управления и разработки месторождений нефти и газа, моделирование и цифровые технологии
Schlagworte:
Online-Zugang:http://earchive.tpu.ru/handle/11683/77814
Format: MixedMaterials Elektronisch Buchkapitel
KOHA link:https://koha.lib.tpu.ru/cgi-bin/koha/opac-detail.pl?biblionumber=669988

MARC

LEADER 00000naa2a2200000 4500
001 669988
005 20240401143827.0
090 |a 669988 
100 |a 20231212d2023 k||y0rusy50 ca 
101 0 |a rus 
102 |a RU 
135 |a drcn ---uucaa 
200 1 |a Использование программного обеспечения Petroleum Experts Prosper для получения дополнительной добычи нефти путем анализа режима  |f Р. Н. Коротков , Д. М. Овчаренко  |g науч. рук. В. И. Ерофеев ; Национальный исследовательский Томский политехнический университет 
225 1 |a Технологии оценки, управления и разработки месторождений нефти и газа, моделирование и цифровые технологии 
300 |a Заглавие с экрана 
320 |a Библиография: с. 50 
336 |a Текстовый файл 
461 1 |0 669747  |t Проблемы геологии и освоения недр  |l Problems of Geology and Subsurface Development  |o труды XXVII Международного молодежного научного симпозиума имени академика М.А. Усова, посвященного 160-летию со дня рождения академика В.А. Обручева и 140-летию академика М.А. Усова, основателям Сибирской горно-геологической школы, 3-7 апреля 2023 г., г. Томск  |f Национальный исследовательский Томский политехнический университет, Инженерная школа природных ресурсов ; гл. ред. А. С. Боев ; под ред. Е. Ю. Пасечник  |d 2023  |9 669747  |a Боев, А. С. (химик ; 1981-)  |c Томск  |n Изд-во ТПУ 
463 1 |0 669760  |t Т. 2  |v С. 48-50  |d 2023  |9 669760  |p 1 файл (8,2 MB, 263 с.)  |u conference_tpu-2023-C11_V2.pdf 
610 1 |a труды учёных ТПУ 
610 1 |a электронный ресурс 
610 1 |a системы моделирования 
610 1 |a комплексные подходы 
610 1 |a адаптация параметров 
610 1 |a пластовое давление 
610 1 |a дебит жидкости 
610 1 |a глубина спуска 
700 1 |a Коротков  |b Р. Н. 
701 1 |a Овчаренко  |b Д. М. 
702 1 |a Ерофеев  |b В. И.  |c специалист в области нефтегазового дела  |c профессор Томского политехнического университета, доктор технических наук  |f 1946-  |g Владимир Иванович  |4 727 
712 0 2 |a Национальный исследовательский Томский политехнический университет  |b Инженерная школа природных ресурсов  |b Отделение нефтегазового дела  |9 28343  |4 570 
801 2 |a RU  |b 63413507  |c 20231212  |g RCR 
856 4 |u http://earchive.tpu.ru/handle/11683/77814  |z http://earchive.tpu.ru/handle/11683/77814 
942 |c CF